| 000 | 00694nam a22001937a 4500 | ||
|---|---|---|---|
| 005 | 20251108164712.0 | ||
| 008 | 250721s9999 xx 000 0 ara d | ||
| 082 | 1 | 4 | _a415/فؤا |
| 100 | 1 | _aنعمة، فؤاد | |
| 245 | 1 | 0 |
_aملخص قواعد اللغة العربية : _bمرجع كامل لقواعد النحو و الصرف / |
| 250 | _aط14. | ||
| 264 | 1 |
_aالقاهرة : _bنهضة مصر للطباعة والنشر والتوزيع - المكتب العلمي للتأليف والترجمة، _c[19-]. |
|
| 300 | _a214ص | ||
| 650 | 1 | 7 | _aاللغة العربية |
| 650 | 1 | 7 | _aقواعد اللغة |
| 650 | 1 | 7 | _aعلم الصرف |
| 942 |
_2ddc _cBK |
||
| 999 |
_c12219 _d12219 |
||